LEADER 01264nam a2200205 i 4500 001 000000236993 003 CaOOAMICUS 005 20141216000000.0 008 141216s1751 xx u000 u lat u 013 $a215898 026 $a4.a- a-em m-st seS. (3) 1751 (R) 040 $aSeMil$bita 245 10$aTomus 5. Saeculum quintum, sextum, & septimum continens. 300 $a[10], 664 p. 500 $aSegn. : pg2(-pg2) ?4 A-4O4. 500 $aMarca editoriale: La Fortuna: una donna nuda sopra ad una ruota tiene con le mani una vela spiegata al vento. (O160). 773 0 $aAlexandre, Noël <1639-1724>$tR.p. Natalis Alexandri ordinis FF. Praedicatorum, ... Historia ecclesiastica Veteris Novique Testamenti ab orbe condito ad annum post Christum natum millesimum sexcentesimum: et in loca ejusdem insignia dissertationes historicae, ... Tomus 1. [-9.].$bEditio omnium novissima, ... opera et studio Constantini Roncaglia ... Editio secunda Lucensis, ... illustrata a p. Jo. Dominico Mansi ...$dLucae : Typis Leonardi Venturini, 1748-1752.$g5$w()25412 850 $aSeMil 852 $aSeMil$W1$xVenegono$y1$m3B VI 5 FA$j187339$B187339$CSeMilBibl$Z2$F198205 $8I 996 $6245$aTomus 5. Saeculum quintum, sextum, & septimum continens$9(OLS)http://semarc/title/337722 LEADER 01156nam a2200289 i 4500 001 000000036296 003 CaOOAMICUS 005 20231106164637.0 008 071002s1990 it u000 u ita u 020 $a88-04-32943-2 040 $aSeMil$bita 100 1 $aFollett, Ken,$d<1949- >.$0(OLS)http://semarc/name/17077 240 14$aThe pillars of the earth.$0(OLS)http://semarc/title/50158 245 12$aI pilastri della terra /$cKen Follett ; traduzione di Roberta Rambelli. 250 $a2. Ed. 264 1$a[Milano] :$bArnoldo Mondadori Editore,$c1990. 300 $a1030 p. :$bill. ;$c23 cm. 490 1 $aOmnibus 700 1 $aRambelli Pollini, Roberta.$0(OLS)http://semarc/name/17078 830 0$aOmnibus.$0(OLS)http://semarc/title/6831 850 $aSeMil 852 $aSeMil$W1$xVenegono$y1$m1O V 49$j2451$B2451$CSeMilBibl$Z2$F2451 $81 961 $aAcquisto: Pontiggia (Libreria) 996 $6020$a88-04-32943-2$9(OLS)http://semarc/number/4854 996 $6245$aI pilastri della terra$9(OLS)http://semarc/title/50157 996 $6264$a[Milano] :$bArnoldo Mondadori Editore$9(OLS)http://semarc/publisher/29634